000 00821cab a2200241 4500
001 ABS60843
008 090401t1999 xxu||||| |||| 00| 0 eng d
035 _a(Sirsi) u93912
041 _aeng
100 _aBenyon, L.
245 _aPlaying with the big boys.
260 _c1999
350 _a0
490 _aProperty Week
_v64(22) 4 June 1999, 34-35(2)
520 _aLooks at the relationship between small niche practitioners and national agents, and argues that small surveying firms can feel exploited by their larger counterparts who use them for free advice and information.
650 _aLARGE FIRMS
650 _aPROFESSIONAL ADVICE
650 _aSMALL BUSINESSES
650 _aSURVEYING FIRMS
690 _aMANAGEMENT-BUSINESS MANAGEMENT-PROFESSIONAL PRACTICE
942 _n0
948 _c14/06/1999
999 _c59515
_d59515